logo

Bir Sreshtho Munshi Abdur Rouf Library
Jhenaidah Cadet College

Encyclopedia of world football / (Record no. 9826)

MARC details
000 -LEADER
fixed length control field 00595nam a22002053a 4500
001 - CONTROL NUMBER
JCCL Control Number 9826
003 - CONTROL NUMBER IDENTIFIER
JCCL marc code BD-JhCC
005 - DATE AND TIME OF LATEST TRANSACTION
control field 20180402083340.0
008 - FIXED-LENGTH DATA ELEMENTS--GENERAL INFORMATION
fixed length control field 500101s1980 xx 000 0 eng d
035 ## - SYSTEM CONTROL NUMBER
system control number OCLC pks03259725 from D960129K
-- (BD-JhCC)9826
040 ## - CATALOGING SOURCE
Original cataloging agency EQO
Transcribing agency EQO
Modifying agency BD-JhCC
041 ## - LANGUAGE CODE
Language code of Book eng
082 ## - DEWEY DECIMAL CLASSIFICATION NUMBER
Author mark and Year ENC 1980
Classification number 796.33403
245 00 - TITLE STATEMENT
Title Encyclopedia of world football /
Statement of responsibility, etc (compiled and ed. by R. Widdows)
260 ## - PUBLICATION, DISTRIBUTION, ETC. (IMPRINT)
Place of publication, distribution, etc London :
Date of publication, distribution, etc 1980.
Name of publisher, distributor, etc Mardhall Cavendish Books Limited,
300 ## - PHYSICAL DESCRIPTION
Pagination 191 p. :
Other physical details ills;
Dimensions 26 cm.
700 1# - ADDED ENTRY--PERSONAL NAME
Personal name Widdows, Richard.
942 ## - ADDED ENTRY ELEMENTS (KOHA)
Source of classification or shelving scheme Dewey Decimal Classification
Koha item type Reference
Holdings
Source of classification or shelving scheme Damaged status Not for loan Home library Current library Shelving location Date of accession Total Checkouts Full call number Barcode Date last seen Copy number Koha item type
Dewey Decimal Classification     JCC Rouf Library JCC Rouf Library General Stacks 04/01/2018   796.33403 ENC 1980 13297 04/01/2018 C-1 Reference

JCC Library | Contacts | JCC Home

Last Update on 23 September 2017
Copyright @ 2017-2020 JCC Rouf Library
Rouf Library, Jhenidah Cadet College (JCC), Bangladesh